Problemas cotidianos de conducta en la infancia: intervención psicológica en el ámbito clínico y familiar

Guardat en:
Dades bibliogràfiques
Autor principal: Maciá Antón, Diego (autor)
Format: Llibre
Idioma:espanyol
Publicat: Madrid Pirámide 2007
Col·lecció:Ojos Solares, Tratamiento
Matèries:
Etiquetes: Afegir etiqueta
Sense etiquetes, Sigues el primer a etiquetar aquest registre!

MARC

LEADER 00000nam a2200000 a 4500
001 UCI9595
003 CL-VaPUC
008 081128e20070000SP |||||||||||||||||spa|d
020 |a 9788436821345 
082 0 4 |a 616.89142  |b MAC  |2 21 
100 |a Maciá Antón, Diego  |e autor  |9 533440 
245 1 0 |a Problemas cotidianos de conducta en la infancia: intervención psicológica en el ámbito clínico y familiar 
300 |a 245 p 
942 |c BK 
945 |d 20081128 00:00:00  |a rbrito 
260 |a Madrid  |b Pirámide  |c 2007 
650 7 |a PSICOTERAPIA INFANTIL  |2 CL-VaPUC  |9 309790 
650 0 |a Psicología clínica  |9 307259 
650 0 |a Trastornos del comportamiento  |9 311363 
650 0 |a Familias   |9 255641 
583 |a last modification  |c 20081128 00:00:00  |k Rodrigo Vera 
490 0 |a Ojos Solares, Tratamiento 
999 |c 332108  |d 332106 
952 |0 0  |1 0  |4 0  |6 616_891420000000000_MAC_2007  |7 0  |8 A  |9 419490  |a BIBEDU  |b BIBEDU  |c ES_NOD  |d 2019-11-22  |i 450190K  |l 7  |m 1  |o 616.89142 MAC 2007  |p 450190K  |r 2024-10-17  |s 2024-10-10  |w 2019-11-22  |y BK  |k EBA